00617nam a2200217Ia 4500003000900000008004100009040001300050040001300063041000800076100001600084245001900100250001200119260001200131260000900143300001100152300001000163490000600173942000700179999001700186952019600203IT-RoPAU120407s9999 xx 000 0 und d aIT-RoPAU cIT-RoPAU aita aBruno Bisio aPsiche e droga aPerugia aBulzoni c1976 a526 p. c24 cm v1 cBK c35501d35501 00102ddc406178_80000000000000071aPAULUSbPAULUSd2012-04-11l0o178.8r2012-04-11 00:00:00w2012-04-11yBKzInserito da: Carla In data: 24 ottobre 2011 fondo: Via A.Severo 56 Progr:30165